| 000 | 00734cam a22002411 4500 | ||
|---|---|---|---|
| 001 | he 67001470 | ||
| 003 | DLC | ||
| 005 | 20260227111448.0 | ||
| 008 | 830127s1966 is ab 000 0 heb | ||
| 010 | _ahe 67001470 | ||
| 035 | _a(OCoLC)19167777 | ||
| 040 |
_aDLC _cMH _dCU _dDLC |
||
| 042 | _apremarc | ||
| 050 | 0 | 0 |
_aDS110.J8 _bA6 1966 |
| 100 | 1 |
_aAharoni, Yohanan, _d1919-1976. |
|
| 245 | 1 | 0 |
_aBe-ʻiḳvot melakhim u-mordim be-Midbar Yehudah / _cme-et Yoḥanan Aharoni u-Beno Rotenberg. |
| 250 | _aMahadurah 4. | ||
| 260 |
_aTel Aviv : _bMasadah, _c[1966] |
||
| 300 |
_a189 p. : _bill., maps, plans ; _c23 cm. |
||
| 651 | 0 |
_aJudaea, Wilderness of _xAntiquities. |
|
| 700 | 1 | _aRothenberg, Benno. | |
| 752 |
_aIsrael _dTel Aviv |
||
| 999 |
_c32519 _d32519 |
||